Pays les plus proches de Bolivie - Mort subite - Statistiques

Statistiques générales
  • Ce quiz a été pris 31 fois
  • Le résultat moyen est 8 sur 15
Answers on the Grid
Answers color-coded by a green-red scale on the quiz's grid according to % correct below.
Argentine
Brésil
Chili
Paraguay
Pérou
Colombie
Uruguay
Venezuela
Équateur
Guyane
Suriname
Panama
Trinité-et-Tobago
Grenade
Saint-Vincent-et-les-Grenadines
Barbade
Sainte-Lucie
Dominique
Antigua-et-Barbuda
Saint-Kitts-et-Nevis
République dominicaine
Haïti
Cuba
Bahamas
Jamaïque
Costa Rica
Nicaragua
Guatemala
El Salvador
Honduras
 
Statistiques - réponses
Réponse % Correct
Brésil
82%
Équateur
79%
Pérou
75%
Argentine
71%
Uruguay
71%
Chili
68%
Colombie
68%
Paraguay
68%
Guyane
64%
Venezuela
64%
Panama
61%
Suriname
50%
Trinité-et-Tobago
14%
Grenade
4%
Saint-Vincent-et-les-Grenadines
0%
Aucun quiz correspondant
Distribution des résultats
% des personnes avec chaque résultat
Percentile par nombre de réponses
Votre historique - résultats
Vous n’avez pas pris ce quiz